Statistiche per Città più grandi della Lombardia - difficile

Clicka qui per fare il quiz!

Statistiche generali

  • Questo quiz è stato fatto 142 volte
  • Il punteggio medio è 18 su 25

Statistiche sulle risposte

Popolazione Provincia Città % Corretto
1378374Se stessaMilano
100%
83251Se stessaComo
100%
200423Se stessaBrescia
100%
72871Se stessaPavia
97%
80397Se stessaVarese
97%
48256Se stessaLecco
97%
123527Se stessaMonza
97%
121140Se stessaBergamo
97%
45452Se stessaLodi
94%
81515MilanoSesto San Giovanni
91%
72057Se stessaCremona
89%
49398Se stessaMantova
89%
83532VareseBusto arsizio
80%
75744MilanoCinisello Balsamo
70%
50871MilanoRho
67%
63134PaviaVigevano
56%
53491VareseGallarate
55%
40016ComoCantù
47%
41864Monza E BrianzaDesio
44%
47749MilanoCologno Monzese
39%
60339MilanoLegnano
39%
45217Monza E BrianzaSeregno
36%
45773Monza E BrianzaLissone
33%
42467MilanoRozzano
31%
46434MilanoPaderno Dugnano
28%

Distribuzione punteggi

Percentile per numero di risposta

Percentuale di utenti per punteggio

I tuoi punteggi nel tempo

Non hai fatto questo quiz